| 000 | 00738nam a2200217 u 4500 | ||
|---|---|---|---|
| 005 | 20231213063558.0 | ||
| 008 | 131105s2009 r 000 0 eng d | ||
| 020 | _a9788484763796 | ||
| 035 | _aUPN01000193891 | ||
| 049 | _aCG | ||
| 050 | 4 |
_aJV6035 _bI5.3 |
|
| 245 | 0 | 0 |
_aInforme sobre desarrollo humano 2009 : _bsuperando barreras : movilidad y desarrrollo humano / _cdir. Jeni Klugman. |
| 260 |
_aBarcelona, Esp. : _bMundi-Prensa, _c2009. |
||
| 300 |
_a233 p. : _bfigs., cuadros |
||
| 650 | 4 |
_aEmigración e inmigración _xAspectos sociales _915743 |
|
| 650 | 4 |
_aEMIGRACION E INMIGRACION - _xASPECTOS ECONOMICOS _915744 |
|
| 650 | 2 |
_aDesarrollo humano _913482 |
|
| 700 | 1 |
_aKlugman, Jeni, _ddir. |
|
| 905 | _aLibro | ||
| 999 |
_c165992 _d165992 |
||